Premier League Top Scorers 2# - Statistics

General Stats
  • This quiz has been taken 19 times
  • The average score is 13 of 16
Answer Stats
Picture Answer % Correct
Erling Haaland
100%
Paul Scholes
100%
Sadio Mane
100%
Son Heung-Min
100%
Steven Gerrard
100%
Peter Crouch
94%
Raheem Sterling
94%
Romelu Lukaku
94%
Ryan Giggs
94%
Nicolas Anelka
89%
Ian Wright
83%
Dwight Yorke
72%
Emile Heskey
67%
Robbie Keane
67%
Dion Dublin
39%
Darren Bent
28%
No matching quizzes found
Score Distribution
Percent of People with Each Score
Percentile by Number Answered
Your Score History
You have not taken this quiz